| 000 | 00539nam a2200193 a 4500 | ||
|---|---|---|---|
| 005 | 20210223131005.0 | ||
| 008 | 090521s1998 es r 000 0 spa d | ||
| 020 | _a8489804060 | ||
| 035 | _aUPN01000170542 | ||
| 049 | _aCG | ||
| 050 | 4 |
_aPJ5059 S4 _bC5.2 |
|
| 100 | 1 |
_aSemel, Nava, _d1954- |
|
| 245 | 1 | 0 |
_aClases de vuelo / _cNava Semel ; tr. del hebreo por Carlos Silveira. |
| 260 |
_aMadrid : _bLóguez, _c1998. |
||
| 300 | _a99 p. | ||
| 440 | 3 | _aLa joven colección | |
| 650 | 4 |
_aLITERATURA HEBREA MODERNA _910859 |
|
| 905 | _aLibro | ||
| 999 |
_c142647 _d142647 |
||